[Event "Titled Tuesday intern op 20th Jun Late"]
[Site "Chess.com INT"]
[Date "2023.06.20"]
[Round "4"]
[White "Castella Garcia, Fausto"]
[Black "Fascetti, Angelo de Leon Cult"]
[Result "1-0"]
[WhiteElo "2328"]
[BlackElo "2140"]
[PlyCount "67"]
[EventDate "2023.06.20"]
[EventType "swiss (blitz)"]
[EventRounds "11"]
[EventCountry "USA"]
[SourceTitle "EXT 2024"]
[Source "ChessBase"]
[SourceDate "2023.10.10"]
[SourceVersion "1"]
[SourceVersionDate "2023.10.10"]
[SourceQuality "1"]

1. e4 c5 2. Nf3 d6 3. d4 cxd4 4. Nxd4 Nf6 5. Nc3 g6 6. f4 Nc6 7. Bb5 Bd7 8. Bxc6 Bxc6 9. e5 dxe5 10. fxe5 Nd5 11. e6 f6 12. Nxc6 bxc6 13. Nxd5 Qxd5 14. Qxd5 cxd5 15. Be3 Bg7 16. 0-0-0 0-0-0 17. Bxa7 Rd6 18. Rhe1 f5 19. Bc5 Ra6 20. Kb1 Rd8 21. Bxe7 Re8 22. Ba3 Raxe6 23. Rxe6 Rxe6 24. c3 Re2 25. Rxd5 Rxg2 26. Bd6 Bh6 27. a4 f4 28. Rd3 g5 29. a5 Kb7 30. h3 Bg7 31. b4 Ka6 32. c4 Rb2+ 33. Kc1 Ra2 34. Bc7 1-0

[Event "Titled Tuesday intern op 16th May Late"]
[Site "Chess.com INT"]
[Date "2023.05.16"]
[Round "6"]
[White "Fascetti, Angelo de Leon Cult"]
[Black "Toniutti, Ezio"]
[Result "0-1"]
[WhiteElo "2140"]
[BlackElo "2224"]
[PlyCount "70"]
[EventDate "2023.05.16"]
[EventType "swiss (blitz)"]
[EventRounds "11"]
[EventCountry "USA"]
[SourceTitle "CBM 214 Extra"]
[Source "ChessBase"]
[SourceDate "2023.07.31"]
[SourceVersion "1"]
[SourceVersionDate "2023.07.31"]
[SourceQuality "1"]

1. d4 d5 2. Bf4 Nf6 3. e3 e6 4. Nf3 Bd6 5. Bg3 0-0 6. Bd3 c5 7. c3 Qc7 8. Ne5 Nbd7 9. f4 b6 10. Nd2 Bb7 11. Qf3 a5 12. a4 Ba6 13. Bc2 b5 14. axb5 Bxb5 15. Bh4 a4 16. g4 a3 17. bxa3 cxd4 18. exd4 Rxa3 19. Rxa3 Bxa3 20. g5 Nxe5 21. fxe5 Ne4 22. Nxe4 dxe4 23. Bxe4 Bb2 24. Kf2 Bxc3 25. Kg3 Bxd4 26. Kh3 Bxe5 27. Bg3 Bxg3 28. hxg3 Qe5 29. Kg4 g6 30. Rh4 f5+ 31. gxf6 Rxf6 32. Qe3 Bc6 33. Kh3 Bxe4 34. Rxe4 Qf5+ 35. Kh4 Qh5# 0-1

[Event "Titled Tuesday intern op 16th May Late"]
[Site "Chess.com INT"]
[Date "2023.05.16"]
[Round "4"]
[White "Prydun, Andriy"]
[Black "Fascetti, Angelo de Leon Cult"]
[Result "1-0"]
[WhiteElo "2134"]
[BlackElo "2140"]
[PlyCount "57"]
[EventDate "2023.05.16"]
[EventType "swiss (blitz)"]
[EventRounds "11"]
[EventCountry "USA"]
[SourceTitle "CBM 214 Extra"]
[Source "ChessBase"]
[SourceDate "2023.07.31"]
[SourceVersion "1"]
[SourceVersionDate "2023.07.31"]
[SourceQuality "1"]

1. e4 c5 2. Nf3 d6 3. c3 Nf6 4. h3 Nc6 5. Bd3 e6 6. Bc2 Be7 7. d4 cxd4 8. cxd4 d5 9. Nc3 0-0 10. 0-0 dxe4 11. Nxe4 Nb4 12. Bb1 b6 13. Nc3 Bb7 14. Be3 Rc8 15. Re1 Nbd5 16. Bd2 Nxc3 17. bxc3 Nd5 18. Be4 f5 19. Bc2 Bf6 20. Bb3 Ba6 21. Rxe6 Nxc3 22. Bxc3 Rxc3 23. Re8+ Kh8 24. Rxd8 Rxd8 25. Rc1 Rd3 26. Qe1 Bxd4 27. Rc7 Bf6 28. Qe6 h6 29. Kh2 1-0

[Event "Paulista-chTA"]
[Site "Sao Paulo"]
[Date "2023.03.04"]
[Round "3"]
[White "Fascetti, Angelo de Leon Cult"]
[Black "Dos Santos, Gustavo Mota"]
[Result "1-0"]
[WhiteElo "2140"]
[BlackElo "1805"]
[PlyCount "83"]
[EventDate "2023.03.03"]
[EventType "team-tourn"]
[EventRounds "5"]
[EventCountry "BRA"]
[SourceTitle "CBM 213 Extra"]
[Source "ChessBase"]
[SourceDate "2023.05.31"]
[SourceVersion "1"]
[SourceVersionDate "2023.05.31"]
[SourceQuality "1"]
[WhiteTeam "AXSCS"]
[BlackTeam "LXSBC"]
[WhiteTeamCountry "BRA"]
[BlackTeamCountry "BRA"]

1. d4 Nf6 2. Nc3 d6 3. e4 g6 4. Be3 Bg7 5. Qd2 c6 6. Nf3 b5 7. Bd3 Nbd7 8. Bh6 Bxh6 9. Qxh6 b4 10. Ne2 Qa5 11. 0-0 Qh5 12. Qd2 Rb8 13. Ng3 Qa5 14. Qh6 Nh5 15. Nxh5 Qxh5 16. Qxh5 gxh5 17. e5 dxe5 18. dxe5 Nc5 19. Bc4 Be6 20. Bb3 Rd8 21. Rfd1 Rxd1+ 22. Rxd1 Bg4 23. Rd4 Bxf3 24. gxf3 Rg8+ 25. Kf1 a5 26. Rc4 Nxb3 27. cxb3 Kd7 28. Rc5 Ra8 29. Ke2 a4 30. bxa4 Rxa4 31. Rc4 Ra5 32. Rxb4 Rxe5+ 33. Re4 Rb5 34. b3 Kd6 35. Kd3 Rg5 36. Rh4 f6 37. b4 Kc7 38. a4 Kb6 39. f4 Rf5 40. Ke4 e6 41. Rh3 Ka6 42. Rd3 1-0

[Event "Florianopolis op 4th"]
[Site "Florianopolis"]
[Date "2018.01.24"]
[Round "9"]
[White "Santiago, Yago de Moura"]
[Black "Fascetti, Angelo de Leon Cult"]
[Result "1-0"]
[WhiteElo "2496"]
[BlackElo "2155"]
[PlyCount "80"]
[EventDate "2018.01.19"]
[EventType "swiss"]
[EventRounds "10"]
[EventCountry "BRA"]
[SourceTitle "EXT 2019"]
[Source "ChessBase"]
[SourceDate "2018.10.10"]
[SourceVersion "1"]
[SourceVersionDate "2018.10.10"]
[SourceQuality "1"]

1. d4 d5 2. c4 e6 3. Nf3 Nf6 4. Nc3 Be7 5. Qc2 0-0 6. Bf4 c6 7. e3 Nbd7 8. h3 Re8 9. 0-0-0 dxc4 10. Bxc4 Nd5 11. Kb1 Nxf4 12. exf4 Nf6 13. Ne4 Nd5 14. g3 h6 15. Ne5 a5 16. h4 f5 17. Nd2 a4 18. a3 Qb6 19. Qd3 Bf6 20. Ndf3 Rd8 21. g4 Bxe5 22. Nxe5 Nxf4 23. Qd2 Nd5 24. gxf5 Qa5 25. Qc1 exf5 26. Rhg1 Rd6 27. Rd3 Qc7 28. Bxd5+ Rxd5 29. Qxh6 Rd6 30. Qf4 Be6 31. Rdg3 Rad8 32. Rxg7+ Qxg7 33. Rxg7+ Kxg7 34. Qg5+ Kh7 35. h5 Bb3 36. h6 Rg8 37. Qe7+ Kh8 38. Nf7+ Bxf7 39. Qxd6 Bd5 40. Kc1 b5 1-0

[Event "Florianopolis op 4th"]
[Site "Florianopolis"]
[Date "2018.01.23"]
[Round "7"]
[White "Japiassu, Ricardo de Villa No"]
[Black "Fascetti, Angelo de Leon Cult"]
[Result "1/2-1/2"]
[WhiteElo "1981"]
[BlackElo "2155"]
[PlyCount "44"]
[EventDate "2018.01.19"]
[EventType "swiss"]
[EventRounds "10"]
[EventCountry "BRA"]
[SourceTitle "EXT 2019"]
[Source "ChessBase"]
[SourceDate "2018.10.10"]
[SourceVersion "1"]
[SourceVersionDate "2018.10.10"]
[SourceQuality "1"]

1. c4 c5 2. g3 g6 3. Bg2 Bg7 4. Nc3 Nc6 5. Nf3 d6 6. 0-0 Bf5 7. d3 Qd7 8. Rb1 Bh3 9. e4 Bxg2 10. Kxg2 e6 11. Be3 Nge7 12. d4 cxd4 13. Nxd4 0-0 14. Qd2 Ne5 15. Qe2 Rfc8 16. b3 d5 17. f4 N5c6 18. Rfd1 Nxd4 19. Bxd4 Bxd4 20. Rxd4 Nc6 21. Rd2 d4 22. e5 Rd8 1/2-1/2

[Event "Florianopolis op 4th"]
[Site "Florianopolis"]
[Date "2018.01.20"]
[Round "3"]
[White "Cubas, Jose Fernando"]
[Black "Fascetti, Angelo de Leon Cult"]
[Result "1-0"]
[WhiteElo "2472"]
[BlackElo "2155"]
[PlyCount "52"]
[EventDate "2018.01.19"]
[EventType "swiss"]
[EventRounds "10"]
[EventCountry "BRA"]
[SourceTitle "EXT 2019"]
[Source "ChessBase"]
[SourceDate "2018.10.10"]
[SourceVersion "1"]
[SourceVersionDate "2018.10.10"]
[SourceQuality "1"]

1. e4 e6 2. d4 d5 3. Nc3 Nc6 4. Nf3 Nf6 5. exd5 exd5 6. Bb5 Be7 7. Ne5 Bd7 8. 0-0 0-0 9. Re1 a6 10. Nxd7 Qxd7 11. Bxc6 bxc6 12. Bg5 Rfe8 13. Na4 Qf5 14. Re5 Qg6 15. Qd3 a5 16. Qxg6 fxg6 17. Rae1 Kf7 18. Bd2 Bd6 19. R5e2 Rxe2 20. Rxe2 Re8 21. Kf1 Rxe2 22. Kxe2 Nd7 23. Bg5 Ke6 24. h3 Nf6 25. b3 Kd7 26. Be3 Ne4 1-0

[Event "Sao Paulo Interclubs Paulista"]
[Site "Sao Paulo"]
[Date "2017.03.12"]
[Round "7.1"]
[White "Barbosa, Evandro Amorim"]
[Black "Fascetti, Angelo de Leon Cult"]
[Result "1-0"]
[WhiteElo "2207"]
[BlackElo "2150"]
[PlyCount "69"]
[EventDate "2017.03.04"]
[EventType "team-tourn"]
[EventRounds "7"]
[EventCountry "BRA"]
[SourceTitle "CBM 177 Extra"]
[Source "ChessBase"]
[SourceDate "2017.04.27"]
[SourceVersion "1"]
[SourceVersionDate "2017.04.27"]
[SourceQuality "1"]
[WhiteTeam "Osasco"]
[BlackTeam "Sao Jose CC"]
[WhiteTeamCountry "BRA"]
[BlackTeamCountry "BRA"]

1. e4 d6 2. d4 Nf6 3. Nc3 g6 4. g3 Bg7 5. Bg2 0-0 6. Nge2 c6 7. 0-0 Nbd7 8. a4 a5 9. h3 e5 10. Be3 exd4 11. Bxd4 Re8 12. g4 Qc7 13. Ng3 h6 14. Qd2 b6 15. f4 Ba6 16. Rfe1 Rad8 17. Rad1 Nc5 18. Qf2 Rd7 19. Bf3 Rde7 20. h4 Nfd7 21. Bxg7 Kxg7 22. Qd4+ Kg8 23. Qxd6 Qxd6 24. Rxd6 Nb8 25. e5 Bb7 26. Nge4 Ncd7 27. Red1 Kf8 28. Kf2 c5 29. Nd5 Bxd5 30. R1xd5 Rc8 31. Nf6 Nxf6 32. exf6 Re6 33. Rxe6 fxe6 34. Rd6 Kf7 35. g5 1-0

[Event "Sao Paulo Interclubs Paulista"]
[Site "Sao Paulo"]
[Date "2017.03.04"]
[Round "1.1"]
[White "Fascetti, Angelo de Leon Cult"]
[Black "Languidey, Simon Alejandro"]
[Result "0-1"]
[WhiteElo "2150"]
[BlackElo "2394"]
[PlyCount "94"]
[EventDate "2017.03.04"]
[EventType "team-tourn"]
[EventRounds "7"]
[EventCountry "BRA"]
[SourceTitle "CBM 177 Extra"]
[Source "ChessBase"]
[SourceDate "2017.04.27"]
[SourceVersion "1"]
[SourceVersionDate "2017.04.27"]
[SourceQuality "1"]
[WhiteTeam "Sao Jose CC"]
[BlackTeam "Pinheiros"]
[WhiteTeamCountry "BRA"]
[BlackTeamCountry "BRA"]

1. d4 Nf6 2. c4 e6 3. Nf3 b6 4. g3 Ba6 5. Qc2 Bb7 6. Bg2 c5 7. d5 exd5 8. Nh4 Nc6 9. cxd5 Nb4 10. Qd1 Nbxd5 11. e4 Nc7 12. 0-0 g6 13. Nc3 Nh5 14. Nd5 Ne6 15. f4 Nd4 16. f5 Bg7 17. fxg6 hxg6 18. Nxg6 Rh7 19. Ngf4 Nxf4 20. Bxf4 d6 21. Qg4 Bc8 22. Qg5 Be6 23. Rae1 Qxg5 24. Bxg5 Rc8 25. Bf6 Kd7 26. e5 Bxd5 27. Bxd5 dxe5 28. Bxg7 Rxg7 29. Bxf7 Kd6 30. Bc4 b5 31. Bd3 c4 32. Be4 Re8 33. Kg2 b4 34. Rc1 Rc8 35. Rf6+ Kc5 36. Bd3 Kd5 37. b3 cxd3 38. Rxc8 d2 39. Rf1 Ke4 40. h4 Kd3 41. h5 e4 42. Rd8 Rc7 43. h6 Ke3 44. g4 Rc2 45. Kg3 Rc1 46. h7 Rxf1 47. Rxd4 Rh1 0-1

[Event "Sao Paulo CC Fox op"]
[Site "Sao Paulo"]
[Date "2016.10.08"]
[Round "3"]
[White "Christofoletti, Tulio"]
[Black "Fascetti, Angelo de Leon Cult"]
[Result "0-1"]
[WhiteElo "1825"]
[BlackElo "2145"]
[PlyCount "56"]
[EventDate "2016.10.07"]
[EventType "swiss"]
[EventRounds "6"]
[EventCountry "BRA"]
[SourceTitle "EXT 2018"]
[Source "ChessBase"]
[SourceDate "2017.10.13"]
[SourceVersion "1"]
[SourceVersionDate "2017.10.13"]
[SourceQuality "1"]

1. e4 e6 2. d4 b6 3. c4 Bb7 4. Nc3 Bb4 5. Bd3 f5 6. exf5 Bxg2 7. Qh5+ Kf8 8. fxe6 dxe6 9. Nge2 Nf6 10. Qh4 Bxh1 11. Bg5 Nbd7 12. 0-0-0 Bf3 13. Nf4 Kf7 14. Re1 Bxc3 15. Nxe6 Qe7 16. bxc3 Rae8 17. d5 Nc5 18. Bf5 g6 19. Qh6 Rhg8 20. Bc2 Bg4 21. f4 Nxe6 22. dxe6+ Bxe6 23. f5 Qa3+ 24. Kb1 Bxf5 25. Rxe8 Rxe8 26. Bxf5 Re1+ 27. Kc2 Qxa2+ 28. Kd3 Qe2+ 0-1

[Event "BRA-ch sf"]
[Site "Vitoria"]
[Date "2009.11.01"]
[Round "4"]
[White "Fascetti, Angelo de Leon Cult"]
[Black "Matsuura, Frederico"]
[Result "0-1"]
[WhiteElo "2159"]
[BlackElo "2309"]
[PlyCount "127"]
[EventDate "2009.10.30"]
[EventType "swiss"]
[EventRounds "7"]
[EventCountry "BRA"]
[SourceTitle "EXT 2010"]
[Source "ChessBase"]
[SourceDate "2010.11.25"]
[SourceVersion "1"]
[SourceVersionDate "2010.11.25"]
[SourceQuality "1"]

1. d4 e6 2. Nf3 d5 3. c4 c6 4. cxd5 exd5 5. Qc2 Bd6 6. Nc3 Bg4 7. Bg5 Ne7 8. e3 f6 9. Bh4 Bf5 10. Bd3 Qd7 11. 0-0 Bxd3 12. Qxd3 0-0 13. Rab1 Qf5 14. Qxf5 Nxf5 15. Bg3 Nd7 16. b4 b5 17. e4 dxe4 18. Nxe4 Bxg3 19. hxg3 Rfe8 20. Rfe1 a5 21. a3 Nb6 22. g4 Nh6 23. g5 fxg5 24. Nexg5 Rxe1+ 25. Rxe1 axb4 26. axb4 Nd5 27. Ne5 Nxb4 28. Rc1 Nf5 29. Nxc6 Nxc6 30. Rxc6 Nxd4 31. Rb6 h6 32. Ne4 Ra1+ 33. Kh2 Rb1 34. Rd6 Nf5 35. Rd5 Ne7 36. Re5 Ng6 37. Re6 Nf4 38. Rb6 b4 39. g3 Nd5 40. Rb5 Nf6 41. Nxf6+ gxf6 42. Rb7 Kf8 43. Kg2 Ke8 44. Kf3 Kd8 45. Kg4 Kc8 46. Rb6 Kc7 47. Rxf6 b3 48. Rf4 h5+ 49. Kf5 Rf1 50. Rb4 Rxf2+ 51. Kg5 Rf3 52. g4 hxg4 53. Kxg4 Rc3 54. Kf4 Kc6 55. Ke5 Kc5 56. Rb8 Rh3 57. Rb7 Kc4 58. Rc7+ Kb4 59. Kd4 Ka3 60. Kc4 Ka2 61. Ra7+ Kb1 62. Rb7 Kc2 63. Rg7 Rh4+ 64. Kd5 0-1

[Event "BRA-ch sf"]
[Site "Vitoria"]
[Date "2009.10.31"]
[Round "2"]
[White "Macedo, Maximo Iack Miranda"]
[Black "Fascetti, Angelo de Leon Cult"]
[Result "1-0"]
[WhiteElo "2310"]
[BlackElo "2159"]
[PlyCount "55"]
[EventDate "2009.10.30"]
[EventType "swiss"]
[EventRounds "7"]
[EventCountry "BRA"]
[SourceTitle "EXT 2010"]
[Source "ChessBase"]
[SourceDate "2010.11.25"]
[SourceVersion "1"]
[SourceVersionDate "2010.11.25"]
[SourceQuality "1"]

1. d4 d5 2. Nf3 Nc6 3. Nbd2 Bg4 4. h3 Bh5 5. e3 e6 6. Bb5 Nge7 7. b3 a6 8. Be2 Bxf3 9. Nxf3 Ng6 10. 0-0 Be7 11. c4 0-0 12. Bb2 Bf6 13. Rc1 dxc4 14. bxc4 e5 15. d5 Nce7 16. Qb3 c6 17. Rfd1 cxd5 18. cxd5 Nf5 19. Bd3 Qd7 20. Ba3 Rfd8 21. d6 b5 22. Rc7 Qe6 23. Be4 Nfh4 24. Qxe6 fxe6 25. Bxa8 Rxa8 26. Nxh4 Nxh4 27. d7 Rd8 28. Rc8 1-0

[Event "Amantea op-A 6th"]
[Site "Amantea"]
[Date "2008.09.06"]
[Round "8"]
[White "Ljubisavljevic, Zivojin Z"]
[Black "Fascetti, Angelo de Leon Cult"]
[Result "1-0"]
[WhiteElo "2261"]
[BlackElo "2089"]
[PlyCount "93"]
[EventDate "2008.08.31"]
[EventType "swiss"]
[EventRounds "9"]
[EventCountry "ITA"]
[SourceTitle "CBM 126 Extra"]
[Source "ChessBase"]
[SourceDate "2008.11.05"]
[SourceVersion "1"]
[SourceVersionDate "2008.11.05"]
[SourceQuality "1"]

1. e4 c6 2. d4 d5 3. Nc3 dxe4 4. Nxe4 Bf5 5. Ng3 Bg6 6. f4 e6 7. Nf3 Nf6 8. Bc4 Be7 9. 0-0 0-0 10. Ne5 c5 11. c3 cxd4 12. cxd4 Nc6 13. Nxc6 bxc6 14. f5 exf5 15. Nxf5 Bxf5 16. Rxf5 Qd7 17. Rf4 Rad8 18. Qf3 Nd5 19. Bxd5 Qxd5 20. Qxd5 Rxd5 21. Re4 Bf6 22. Be3 Rfd8 23. Rc1 Bxd4 24. Bxd4 Rxd4 25. Rxd4 Rxd4 26. Rxc6 g6 27. Rc2 Kg7 28. Kf2 h5 29. Ke3 Rd7 30. b4 Rb7 31. Rb2 Rd7 32. a4 Kf6 33. b5 Ke5 34. a5 Rb7 35. b6 axb6 36. Rxb6 Ra7 37. a6 Kf5 38. Kd4 h4 39. Kc5 g5 40. Kc6 Kf4 41. Rb4+ Ke3 42. Kb6 Rxa6+ 43. Kxa6 f5 44. Kb5 Kf2 45. Rb2+ Kg1 46. Kc4 g4 47. g3 1-0

[Event "Amantea op-A 6th"]
[Site "Amantea"]
[Date "2008.09.05"]
[Round "7"]
[White "Fascetti, Angelo de Leon Cult"]
[Black "Damia, Angelo"]
[Result "1/2-1/2"]
[WhiteElo "2089"]
[BlackElo "2247"]
[PlyCount "22"]
[EventDate "2008.08.31"]
[EventType "swiss"]
[EventRounds "9"]
[EventCountry "ITA"]
[SourceTitle "CBM 126 Extra"]
[Source "ChessBase"]
[SourceDate "2008.11.05"]
[SourceVersion "1"]
[SourceVersionDate "2008.11.05"]
[SourceQuality "1"]

1. d4 d5 2. c4 e5 3. dxe5 d4 4. Nf3 Nc6 5. g3 Nge7 6. Bg2 Ng6 7. 0-0 Ngxe5 8. Nxe5 Nxe5 9. b3 Bc5 10. Nd2 0-0 11. Bb2 a5 1/2-1/2

[Event "Amantea op-A 6th"]
[Site "Amantea"]
[Date "2008.09.01"]
[Round "2"]
[White "Sabia, Corrado"]
[Black "Fascetti, Angelo de Leon Cult"]
[Result "1/2-1/2"]
[WhiteElo "2205"]
[BlackElo "2089"]
[PlyCount "103"]
[EventDate "2008.08.31"]
[EventType "swiss"]
[EventRounds "9"]
[EventCountry "ITA"]
[SourceTitle "CBM 126 Extra"]
[Source "ChessBase"]
[SourceDate "2008.11.05"]
[SourceVersion "1"]
[SourceVersionDate "2008.11.05"]
[SourceQuality "1"]

1. e4 c6 2. d4 d5 3. exd5 cxd5 4. c4 Nf6 5. Nc3 Nc6 6. Bg5 Be6 7. Bxf6 gxf6 8. c5 Qd7 9. Nge2 Bh6 10. g3 Bg4 11. Bg2 e6 12. 0-0 0-0-0 13. h3 Bxe2 14. Nxe2 e5 15. Rb1 Qe6 16. b4 Kb8 17. Qa4 Rd7 18. b5 Ne7 19. Nc3 e4 20. c6 Rd6 21. b6 Nxc6 22. Nb5 a6 23. Nxd6 Qxd6 24. f4 Rg8 25. Kh2 f5 26. Rb3 Qf6 27. Re3 Qxd4 28. Qxd4 Nxd4 29. Rd1 Bg7 30. g4 Bh6 31. Rxd4 Bxf4+ 32. Rg3 h5 33. Rxd5 h4 34. Rxf5 Bxg3+ 35. Kg1 e3 36. Kf1 Rg6 37. Ke2 Bf2 38. Rxf7 Rxb6 39. Re7 Rb2+ 40. Kd3 Rd2+ 41. Kc3 Be1 42. Rxb7+ Kc8 43. Rb1 Rxa2+ 44. Rxe1 Rxg2 45. Rxe3 Rg3 46. Kd4 a5 47. Re5 Rxh3 48. Rxa5 Rg3 49. Rh5 Rxg4+ 50. Ke3 Kc7 51. Kf3 Ra4 52. Kg2 1/2-1/2

[Event "Varginha op"]
[Site "Varginha"]
[Date "2008.05.23"]
[Round "4"]
[White "Fascetti, Angelo de Leon Cult"]
[Black "Name, Gabriel Ricardo"]
[Result "0-1"]
[WhiteElo "2064"]
[BlackElo "2248"]
[PlyCount "80"]
[EventDate "2008.05.22"]
[EventType "swiss"]
[EventRounds "7"]
[EventCountry "BRA"]
[SourceTitle "EXT 2022"]
[Source "ChessBase"]
[SourceDate "2021.10.06"]
[SourceVersion "1"]
[SourceVersionDate "2021.10.06"]
[SourceQuality "1"]

1. d4 d5 2. c4 dxc4 3. Nf3 Nf6 4. e3 a6 5. Bxc4 e6 6. 0-0 c5 7. Bb3 Nc6 8. Nc3 cxd4 9. exd4 Be7 10. Be3 Nb4 11. Ne5 0-0 12. Qf3 Nbd5 13. Bc2 Qb6 14. Nxd5 exd5 15. Qe2 Be6 16. Rac1 Rac8 17. Bb1 Rfd8 18. h3 g6 19. Nf3 Bf8 20. Rxc8 Rxc8 21. Rc1 Rxc1+ 22. Bxc1 Qc6 23. Be3 Ne4 24. Ne5 Qc8 25. a3 Nd6 26. Bd2 Nf5 27. Bc3 Bxa3 28. Ng4 Bd6 29. Bxf5 gxf5 30. Nh6+ Kf8 31. Qh5 Ke8 32. Qg5 Qd8 33. Qg8+ Kd7 34. Qxh7 Qf6 35. f3 Qg6 36. Qh8 f6 37. Bd2 f4 38. Ng4 Bxg4 39. hxg4 Qb1+ 40. Kh2 Qxb2 0-1

[Event "Santos op"]
[Site "Santos"]
[Date "2008.05.17"]
[Round "4"]
[White "Baccarin, Natalia Viaro"]
[Black "Fascetti, Angelo de Leon Cult"]
[Result "1/2-1/2"]
[WhiteElo "1966"]
[BlackElo "2064"]
[PlyCount "174"]
[EventDate "2008.05.16"]
[EventType "swiss"]
[EventRounds "9"]
[EventCountry "BRA"]
[SourceTitle "CBM 124 Extra"]
[Source "ChessBase"]
[SourceDate "2008.07.03"]
[SourceVersion "1"]
[SourceVersionDate "2008.07.03"]
[SourceQuality "1"]

1. e4 c6 2. Nc3 d5 3. Nf3 dxe4 4. Nxe4 Nf6 5. Nxf6+ gxf6 6. d4 Bg4 7. Be2 Nd7 8. c3 e6 9. Bf4 f5 10. h3 Bh5 11. Ng5 Bxe2 12. Qxe2 Nf6 13. 0-0 Be7 14. Be5 h6 15. Nxe6 fxe6 16. Bxf6 Bxf6 17. Qxe6+ Qe7 18. Qxf5 0-0 19. Rae1 Qf7 20. b3 Rae8 21. Qg4+ Bg7 22. Qg3 Rxe1 23. Rxe1 Qf4 24. Qxf4 Rxf4 25. Re7 Rf7 26. Re8+ Kh7 27. Kf1 Kg6 28. Ke2 h5 29. g3 Bf6 30. f4 c5 31. dxc5 Bxc3 32. Rg8+ Bg7 33. Kf3 Rc7 34. b4 Rd7 35. Ke4 Rd4+ 36. Kf3 Rxb4 37. g4 Kf7 38. Rb8 Bf8 39. Rc8 Rb5 40. c6 bxc6 41. Rxc6 Rc5 42. Ra6 Rc3+ 43. Kg2 Ra3 44. Rxa3 Bxa3 45. Kf3 hxg4+ 46. hxg4 Kg6 47. Ke4 Bb2 48. Kd5 Bc1 49. Ke4 Kf6 50. Kf3 Ke6 51. Ke4 Kf6 52. Kf3 Ba3 53. Ke4 a5 54. Kd5 Bc1 55. Ke4 a4 56. g5+ Kg6 57. Ke5 Ba3 58. Kd5 Bf8 59. Kc4 a3 60. Kd3 Kf5 61. Ke3 Bd6 62. Kd3 Bxf4 63. Kc2 Bxg5 64. Kb3 Be7 65. Kc2 Ke4 66. Kc3 Ke3 67. Kc2 Ke2 68. Kb1 Bf6 69. Kc2 Ke3 70. Kc1 Kd3 71. Kb1 Kc3 72. Kc1 Bg5+ 73. Kb1 Bf4 74. Ka1 Be5 75. Kb1 Bd4 76. Kc1 Bc5 77. Kb1 Kd2 78. Ka1 Be3 79. Kb1 Bf4 80. Ka1 Kc3 81. Kb1 Be5 82. Ka1 Bd4 83. Kb1 Bg7 84. Kc1 Be5 85. Kb1 Bf4 86. Ka1 Be3 87. Kb1 Bd4 1/2-1/2

[Event "Santos op"]
[Site "Santos"]
[Date "2008.05.16"]
[Round "3"]
[White "Fascetti, Angelo de Leon Cult"]
[Black "Gonzalez, Bolivar Ribeiro"]
[Result "0-1"]
[WhiteElo "2064"]
[BlackElo "2252"]
[PlyCount "74"]
[EventDate "2008.05.16"]
[EventType "swiss"]
[EventRounds "9"]
[EventCountry "BRA"]
[SourceTitle "CBM 124 Extra"]
[Source "ChessBase"]
[SourceDate "2008.07.03"]
[SourceVersion "1"]
[SourceVersionDate "2008.07.03"]
[SourceQuality "1"]

1. d4 Nf6 2. Bg5 c5 3. d5 Ne4 4. Bf4 Qb6 5. Bc1 Qf6 6. Nf3 g5 7. Qd3 Nxf2 8. Kxf2 g4 9. Qc3 Qxc3 10. Nxc3 gxf3 11. gxf3 d6 12. e4 a6 13. a4 b6 14. Rg1 Nd7 15. Bh3 Ne5 16. Bxc8 Rxc8 17. Bf4 Ng6 18. Be3 Bg7 19. f4 Bf6 20. Rab1 Kd7 21. Ne2 b5 22. axb5 axb5 23. c3 b4 24. Ra1 Ra8 25. cxb4 cxb4 26. Rxa8 Rxa8 27. b3 Ra2 28. Rb1 e6 29. dxe6+ fxe6 30. Ke1 Nh4 31. Kd1 Nf3 32. h3 Bh4 33. Nc1 Rh2 34. Nd3 Bf6 35. Nxb4 Bd4 36. Bc1 Bc3 37. Nd3 Nd4 0-1